header

AIX version 4.3 to 5L migration guide (Record no. 106591)

MARC details
000 -LEADER
fixed length control field 01449nam a22003734a 4500
082 04 - DEWEY DECIMAL CLASSIFICATION NUMBER
Classification number 005.4/3
245 00 - TITLE STATEMENT
Title AIX version 4.3 to 5L migration guide
250 ## - EDITION STATEMENT
Edition statement 1st ed.
260 ## - PUBLICATION, DISTRIBUTION, ETC. (IMPRINT)
Place of publication [United States?] :
Name of publisher IBM, International Technical Support Organization,
Year of publication 2003.
300 ## - PHYSICAL DESCRIPTION
Number of Pages xvi, 246 p. :
Other physical details ill.
490 1# - SERIES STATEMENT
Series statement IBM redbooks
500 ## - GENERAL NOTE
General note "May 2003."
650 #0 - SUBJECT ADDED ENTRY--TOPICAL TERM
Topical Term Operating systems (Computers)
Topical Term System design.
700 1# - ADDED ENTRY--PERSONAL NAME
Personal name Klonowski, Cathrin.
856 40 - ELECTRONIC LOCATION AND ACCESS
Uniform Resource Identifier http://site.ebrary.com/lib/rucke/Doc?id=10112779

No items available.

© 2026 Rongo University
Contact us: librarian | system librarian | Rongo university